Memoria ... / Caja de Ahorros Provincial de la Diputación de Barcelona
Descripción Física:
v. ; 24 cm
Materias:
Caixa Catalunya -- Memòries
MARC
| LEADER | 00000nam a2200000Ia 4500 | ||
|---|---|---|---|
| 001 | 922, 923, 924, 925, 926, 10301, 8688, 9954, 927, 928, 929, 970, 971, 8407, 1919 | ||
| 008 | 160829s1955 - 1977 xx 000 0 cat d | ||
| 080 | |a FU-4-14, M-1-113, M-1-114, M-1-115, M-1-116, M-1-117, M-1-118, M-1-119, M-1-120, M-1-121, M-1-122, M-1-123, M-1-124, M-1-125, M-1-126 | ||
| 100 | |a Caixa Catalunya | ||
| 245 | |a Memoria ... / Caja de Ahorros Provincial de la Diputación de Barcelona | ||
| 260 | |a Barcelona : |b [l'Entitat], |c 1955 - 1977 | ||
| 300 | |a v. ; |c 24 cm | ||
| 590 | |a Anual. | ||
| 590 | |a Continuada per: Memòria. | ||
| 590 | |a A partir de 1977 l'entitat canvia el nom pel de Caixa d'Estalvis de Catalunya | ||
| 650 | |a Caixa Catalunya |x Memòries |9 39609 | ||
| 710 | 1 | |a Barcelona (Catalunya : Província). |b Diputació |9 52408 | |
| 856 | 4 | |u https://media.diba.cat/diba/fitxers/arxiu/fulletons/bib_922_1955_baixa.pdf |y Accés lliure | |
| 856 | 4 | |u https://media.diba.cat/diba/fitxers/arxiu/fulletons/bib_922_1955_baixa.pdf |y Accés lliure | |
| 866 | |a 1955, 1956, 1957, 1960, 1962, 1963, 1964, 1965, 1966, 1967, 1968, 1970, 1971, 1972, 1974 | ||
| 901 | |a Arxiu | ||
| 942 | |n 1 |2 udc | ||
| 952 | |0 0 |1 0 |4 0 |6 FU414_M1113_M1114_M1115_M1116_M1117_M1118_M1119_M1120_M1121_M1122_M1123_M1124_M1125_M1126 |7 1 |9 49117 |a Arxiu |b Arxiu |d 2016-12-01 |l 0 |o FU-4-14, M-1-113, M-1-114, M-1-115, M-1-116, M-1-117, M-1-118, M-1-119, M-1-120, M-1-121, M-1-122, M-1-123, M-1-124, M-1-125, M-1-126 |p 922, 923, 924, 925, |r 2016-12-01 00:00:00 |w 2016-12-01 |y ARXIU | ||
| 999 | |c 52955 |d 52955 | ||
| 900 | |a bib_922_1955_baixa.pdf | ||